BIBLIOTECA PODER JUDICIAL
Portal Judicial TDF

El plazo de prescripción de la acción penal en los delitos reprimidos con penas conjuntas / (Registro nro. 6449)

000 -LEADER
fixed length control field 01760nab a22002657a 4500
003 - CONTROL NUMBER IDENTIFIER
control field OSt
005 - DATE AND TIME OF LATEST TRANSACTION
control field 20260204113703.0
008 - FIXED-LENGTH DATA ELEMENTS--GENERAL INFORMATION
fixed length control field 190429b xxu||||| |||| 00| 0 spa d
040 ## - CATALOGING SOURCE
Transcribing agency PJ
100 ## - MAIN ENTRY--PERSONAL NAME
Personal name Santoianni, Juan Pablo
9 (RLIN) 6636
245 13 - TITLE STATEMENT
Title El plazo de prescripción de la acción penal en los delitos reprimidos con penas conjuntas /
Statement of responsibility, etc Juan Pablo Santoianni.
260 ## - PUBLICATION, DISTRIBUTION, ETC. (IMPRINT)
Date of publication, distribution, etc Ciudad Autónoma de Buenos Aires :
Place of publication, distribution, etc Thomson Reuters La Ley,
Name of publisher, distributor, etc 2024.
300 ## - PHYSICAL DESCRIPTION
Extent p. 30-39
500 ## - GENERAL NOTE
General note Cita Online: AR/DOC/2689/2023.
505 ## - FORMATTED CONTENTS NOTE
Formatted contents note Sumario: I. Introducción.— II. Aspectos centrales del fallo "S., R. A.".— III. Aspectos generales sobre la prescripción de la acción penal en delitos reprimidos con penas conjuntas.— IV. El plazo de prescripción de la acción penal en los delitos reprimidos con pena de prisión e inhabilitación conjunta. Distintas posturas.— V. Consideraciones sobre el plazo de prescripción de la acción penal en los delitos reprimidos con pena de prisión e inhabilitación conjunta.— VI. El plazo de prescripción de la acción penal en el fallo "S., R. A.".— VII. Conclusiones.
505 ## - FORMATTED CONTENTS NOTE
Formatted contents note Fallo comentado: CNCrim. y Correc., sala I ~ 31/08/2023 ~ S., R. A. s/ extinción de la acción penal - prescripción.
505 ## - FORMATTED CONTENTS NOTE
Title Si te interesa el texto completo, solicitalo a koha@justierradelfuego.gov.ar
650 #0 - SUBJECT ADDED ENTRY--TOPICAL TERM
9 (RLIN) 343
Topical term or geographic name as entry element DERECHO PENAL
650 #0 - SUBJECT ADDED ENTRY--TOPICAL TERM
9 (RLIN) 3902
Topical term or geographic name as entry element PRESCRIPCIÓN DE LA ACCIÓN PENAL
650 #0 - SUBJECT ADDED ENTRY--TOPICAL TERM
9 (RLIN) 2208
Topical term or geographic name as entry element PENA PRIVATIVA DE LA LIBERTAD
650 #0 - SUBJECT ADDED ENTRY--TOPICAL TERM
9 (RLIN) 2678
Topical term or geographic name as entry element ACCIÓN PENAL
650 #0 - SUBJECT ADDED ENTRY--TOPICAL TERM
9 (RLIN) 3902
Topical term or geographic name as entry element PRESCRIPCIÓN DE LA ACCIÓN PENAL
773 0# - HOST ITEM ENTRY
Host Biblionumber 2658
Host Itemnumber 3164
Title Revista de derecho penal y criminología. Nº 2 - Marzo 2024
Place, publisher, and date of publication Ciudad Autónoma de Buenos Aires : Thomson Reuters La Ley, 2017-
International Standard Serial Number 00347914
942 ## - ADDED ENTRY ELEMENTS (KOHA)
Source of classification or shelving scheme
Koha item type Analítica Artículo de Revista

No hay ítems disponibles.

12 de Octubre 789 Ushuaia - Tel:  54(02901)441571
Horario de Atención: 8.00 a 17.00 hs. 
bibliotecaush@justierradelfuego.gov.ar
koha@justierradelfuego.gov.ar
Seguinos en nuestras redes @bibliojustdf 

Con tecnología Koha